00565nam a2200169Ia 4500008004000000082001500040100001700055245005500072250000500127260003800132300001200170650003800182690002100220906001100241999001700252952012600269210210b1993 xxu||||| |||| 00| 0 eng d a659.2 BALA aBALAN (K R). aApplied public relations and communications. Ed 3. a aDelhi.bSultan Chand & Sonsc1993 axiv,755 aPublic Relations, Communication  aPublic Relations a047555 c96385d96385 001040708ManagementaALbALcManagementd2021-02-17g75.00l0o659.2 BALAp047555r2021-02-17 00:00:00w2021-02-17yBK